000 00475nam a2200193Ia 4500
003 OSt
005 20260508121005.0
008 250729s2014 xx 000 0 und d
020 _a978-8131313411
040 _cAL
041 _aeng
082 _a530 KAMS
100 _aKamal S Sthrivastam
_9231925
245 _a1001 scientists who shaped the world
260 _aNew Delhi
_bA P H PUBLISHING
_c2014
300 _a354p
650 _aScience
_9231926
942 _2ddc
_cBED
999 _c239526
_d239526